000 01716nam1a2200373 i 4500
001 RU\NLR\bibl\995878
005 20260406125801.0
010 _a5-358-00456-4
035 _a(NLR Aleph) 000983643
090 _a474918
_c474918
100 _a20061011g20069999e y0rusy50 ca
101 0 _arus
102 _aRU
105 _a||||j |||||
200 1 _aРусская литература XX века
_e11 класс
_eучебник для общеобразовательных учреждений
_eв 2 ч.
_f[д.филол.н. В.В. Агеносов, Э.Л. Безносов, д.филол.н. Б.С. Бугров и др.]
_gпод общ. ред. В.В. Агеносова
205 _a11-е изд., доп.
210 _aМосква
_cДрофа
_d2006
215 _d22
300 _aАвт. указаны на обороте тит.л.
463 0 _1001976527
463 0 _1001977972
606 1 _aРусская советская литература
_jУчебные издания для средней школы
_9888281
_3RU\NLR\auth\66496
606 1 _aРусская литература
_jУчебные издания для средней школы
_z20 в.
_9894612
_3RU\NLR\auth\663956
686 _aШ5(2=Р)7я721-1
686 _aШ5(2=Р)я721-1
701 1 _aАгеносов
_bВ. В.
_gВладимир Вениаминович
_4070
701 1 _4070
_7ca
_8rus
_aБезносов
_bЭ. Л.
_gЭдуард Львович
_9111483
_3RU\NLR\auth\771458
701 1 _aБугров
_bБ. С.
_gБорис Семенович
_4070
801 0 _aRU
_bNLR
_c20061011
_grcr
801 1 _aRU
_bNLR
_c20061011
852 _aNLR
_j2006-5/5768
942 _cBOOK